00477 2200169 4500001002100000005001500021008004100036020002200077035001900099041000700118082001800125090002200143100002300165245005700188260003900245300002300284INLIS00000000000017320241224112129241224||||||||| | ||| |||| || |  a978-602-9018-56-1 0010-1224000173 aid0 a3,380,461,065 a338.0461065 SUS l0 aSusatyo Herlambang00aLangkah Awal Entrepreneurship Untuk Tenaga Kesehatan aYogykartabGosyen Publishingc2012 ax, 154 hlm.; 20 cm